[Event "Limba Open M"]
[Site "Poronin"]
[Date "2021.05.28"]
[Round "9.48"]
[White "Siekanska, Zuzanna"]
[Black "Mirowska, Oliwia"]
[Result "0-1"]
[BlackElo "1766"]
[WhiteElo "1763"]
[LiveChessVersion "1.4.8"]

1. d4 {[%clk 1:30:58]} a6 {[%clk 1:30:52]} 2. c4 {[%clk 1:31:22]} d5
{[%clk 1:30:48]} 3. cxd5 {[%clk 1:30:20]} Nf6 {[%clk 1:31:06]} 4. Nc3
{[%clk 1:29:53]} Nxd5 {[%clk 1:31:22]} 5. Bd2 {[%clk 1:28:52]} b5
{[%clk 1:27:14]} 6. e4 {[%clk 1:23:12]} Nb6 {[%clk 1:26:38]} 7. Nf3
{[%clk 1:20:32]} Bg4 {[%clk 1:20:48]} 8. Be3 {[%clk 1:13:48]} e6 {[%clk 1:17:05]}
9. Be2 {[%clk 1:07:20]} N8d7 {[%clk 1:13:40]} 10. Nd2 {[%clk 0:59:15]} Bxe2
{[%clk 1:13:43]} 11. Nxe2 {[%clk 0:58:24]} c5 {[%clk 1:13:20]} 12. O-O
{[%clk 0:57:54]} Rc8 {[%clk 1:11:21]} 13. f4 {[%clk 0:52:45]} cxd4
{[%clk 1:06:25]} 14. Nxd4 {[%clk 0:51:54]} Bc5 {[%clk 1:03:10]} 15. Rf3
{[%clk 0:47:47]} Ne5 {[%clk 0:57:30]} 16. fxe5 {[%clk 0:44:48]} Bxd4
{[%clk 0:57:47]} 17. Qb3 {[%clk 0:40:56]} O-O {[%clk 0:52:33]} 18. Rd1
{[%clk 0:38:35]} Bxe3+ {[%clk 0:52:02]} 19. Rxe3 {[%clk 0:38:27]} Qc7
{[%clk 0:51:39]} 20. Nf3 {[%clk 0:37:38]} Nc4 {[%clk 0:47:02]} 21. Rc3
{[%clk 0:36:47]} Qb8 {[%clk 0:44:52]} 22. Qc2 {[%clk 0:35:39]} Ne3
{[%clk 0:44:30]} 23. Qc1 {[%clk 0:34:50]} Rxc3 {[%clk 0:43:30]} 24. bxc3
{[%clk 0:35:14]} Nxd1 {[%clk 0:42:32]} 25. Qxd1 {[%clk 0:35:21]} Qc7
{[%clk 0:42:36]} 26. Qd6 {[%clk 0:34:36]} Qxc3 {[%clk 0:42:25]} 27. Qxa6
{[%clk 0:34:11]} Qe3+ {[%clk 0:42:32]} 28. Kh1 {[%clk 0:34:10]} Rd8
{[%clk 0:42:29]} 29. h3 {[%clk 0:33:49]} h6 {[%clk 0:40:56]} 0-1

[Event "Limba Open M"]
[Site "Poronin"]
[Date "2021.05.28"]
[Round "9.49"]
[White "Panek, Bartosz"]
[Black "Baliuniene, Margarita"]
[Result "1-0"]
[BlackElo "1875"]
[WhiteElo "1971"]
[LiveChessVersion "1.4.8"]

1. e4 {[%clk 1:30:56]} c5 {[%clk 1:30:57]} 2. Nf3 {[%clk 1:31:20]} g6
{[%clk 1:31:20]} 3. c3 {[%clk 1:31:42]} Bg7 {[%clk 1:31:37]} 4. d4
{[%clk 1:32:05]} cxd4 {[%clk 1:31:54]} 5. cxd4 {[%clk 1:32:26]} d5
{[%clk 1:32:19]} 6. Nc3 {[%clk 1:32:48]} dxe4 {[%clk 1:31:55]} 7. Bb5+
{[%clk 1:33:11]} Bd7 {[%clk 1:31:36]} 8. Ne5 {[%clk 1:33:34]} Nf6
{[%clk 1:26:35]} 9. Bc4 {[%clk 1:32:41]} O-O {[%clk 1:26:44]} 10. Qb3
{[%clk 1:33:03]} Qe8 {[%clk 1:18:32]} 11. Qxb7 {[%clk 1:19:08]} Bc6
{[%clk 1:09:27]} 12. Qb3 {[%clk 1:17:45]} Nfd7 {[%clk 1:05:38]} 13. Nxd7
{[%clk 1:06:34]} Nxd7 {[%clk 1:04:58]} 14. d5 {[%clk 1:04:13]} Rb8
{[%clk 1:04:16]} 15. dxc6 {[%clk 1:03:39]} Rxb3 {[%clk 1:01:40]} 16. cxd7
{[%clk 1:04:02]} Qxd7 {[%clk 1:01:58]} 17. axb3 {[%clk 1:04:26]} Qg4
{[%clk 1:00:10]} 18. O-O {[%clk 1:02:40]} Bd4 {[%clk 0:54:52]} 19. Re1
{[%clk 0:58:12]} e3 {[%clk 0:54:47]} 20. Bxe3 {[%clk 0:58:28]} e6
{[%clk 0:52:39]} 21. Bxd4 {[%clk 0:48:37]} Qxd4 {[%clk 0:53:03]} 22. Nb5
{[%clk 0:48:43]} Qxb2 {[%clk 0:53:02]} 23. Nxa7 {[%clk 0:47:53]} Ra8
{[%clk 0:49:10]} 24. Rab1 {[%clk 0:47:27]} Qf6 {[%clk 0:47:54]} 25. Nc6
{[%clk 0:42:40]} Ra2 {[%clk 0:43:40]} 26. Rf1 {[%clk 0:42:48]} h5
{[%clk 0:40:37]} 27. b4 {[%clk 0:39:11]} Rc2 {[%clk 0:40:27]} 28. b5
{[%clk 0:35:05]} h4 {[%clk 0:27:46]} 29. h3 {[%clk 0:34:43]} Kg7 {[%clk 0:19:18]}
30. b6 {[%clk 0:33:13]} Rb2 {[%clk 0:15:52]} 31. Bb5 {[%clk 0:29:32]} Rxb1
{[%clk 0:14:17]} 32. Rxb1 {[%clk 0:29:56]} Qf5 {[%clk 0:14:27]} 33. Rb4
{[%clk 0:30:08]} Qd5 {[%clk 0:08:30]} 34. b7 {[%clk 0:30:27]} Qd1+
{[%clk 0:08:51]} 35. Bf1 {[%clk 0:30:48]} 1-0

[Event "Limba Open M"]
[Site "Poronin"]
[Date "2021.05.28"]
[Round "9.50"]
[White "Pawicka, Magdalena"]
[Black "Kusiak, Mateusz"]
[Result "1-0"]
[BlackElo "1694"]
[WhiteElo "1824"]
[LiveChessVersion "1.4.8"]

1. e4 {[%clk 1:30:48]} c5 {[%clk 1:30:55]} 2. Nf3 {[%clk 1:31:10]} Nc6
{[%clk 1:31:11]} 3. d4 {[%clk 1:31:20]} cxd4 {[%clk 1:31:36]} 4. Nxd4
{[%clk 1:31:46]} g6 {[%clk 1:31:52]} 5. c4 {[%clk 1:32:07]} Nf6 {[%clk 1:32:10]}
6. Nc3 {[%clk 1:32:14]} Nxd4 {[%clk 1:32:32]} 7. Qxd4 {[%clk 1:32:02]} d6
{[%clk 1:32:52]} 8. Be2 {[%clk 1:29:27]} Bg7 {[%clk 1:32:54]} 9. O-O
{[%clk 1:20:04]} O-O {[%clk 1:33:09]} 10. Qe3 {[%clk 1:18:41]} Be6
{[%clk 1:31:40]} 11. Rb1 {[%clk 1:14:55]} a5 {[%clk 1:28:23]} 12. b3
{[%clk 1:11:36]} a4 {[%clk 1:17:06]} 13. Bb2 {[%clk 0:58:27]} axb3
{[%clk 1:02:10]} 14. axb3 {[%clk 0:58:49]} Nd7 {[%clk 1:02:18]} 15. Nd5
{[%clk 0:50:16]} Bxd5 {[%clk 0:42:07]} 16. exd5 {[%clk 0:48:52]} Ra2
{[%clk 0:37:31]} 17. Bxg7 {[%clk 0:46:16]} Kxg7 {[%clk 0:37:50]} 18. Ra1
{[%clk 0:43:34]} Qa5 {[%clk 0:37:54]} 19. Rxa2 {[%clk 0:41:47]} Qxa2
{[%clk 0:38:18]} 20. Qxe7 {[%clk 0:40:31]} Nf6 {[%clk 0:38:36]} 21. Bd1
{[%clk 0:38:11]} Re8 {[%clk 0:38:56]} 22. Qxd6 {[%clk 0:35:03]} Ne4
{[%clk 0:39:09]} 23. Qd7 {[%clk 0:35:11]} Kf8 {[%clk 0:39:08]} 24. Qc7
{[%clk 0:20:31]} Qd2 {[%clk 0:31:04]} 25. Bf3 {[%clk 0:18:29]} Re7
{[%clk 0:28:02]} 26. Qb8+ {[%clk 0:07:19]} Re8 {[%clk 0:28:04]} 27. Qa7
{[%clk 0:07:17]} Ng5 {[%clk 0:26:46]} 28. Qa1 {[%clk 0:06:18]} h6
{[%clk 0:21:38]} 29. Qd1 {[%clk 0:04:56]} Qf4 {[%clk 0:21:15]} 30. d6
{[%clk 0:04:27]} Rd8 {[%clk 0:20:46]} 31. Bxb7 {[%clk 0:03:32]} Rxd6
{[%clk 0:21:09]} 32. Bd5 {[%clk 0:03:15]} Qf5 {[%clk 0:20:44]} 33. Qa1
{[%clk 0:03:02]} Kg8 {[%clk 0:19:52]} 34. Re1 {[%clk 0:02:05]} Rf6
{[%clk 0:19:57]} 35. f3 {[%clk 0:02:03]} Kg7 {[%clk 0:19:42]} 36. Qd4
{[%clk 0:02:00]} h5 {[%clk 0:19:30]} 37. Qe5 {[%clk 0:01:47]} h4 {[%clk 0:18:32]}
38. Qxf5 {[%clk 0:02:11]} Rxf5 {[%clk 0:18:57]} 39. h3 {[%clk 0:02:10]} 1-0

[Event "Limba Open M"]
[Site "Poronin"]
[Date "2021.05.28"]
[Round "9.51"]
[White "Kuciel, Wladyslaw"]
[Black "Neuhoff, Laertes"]
[Result "0-1"]
[BlackElo "1799"]
[WhiteElo "1968"]
[LiveChessVersion "1.4.8"]

1. d4 {[%clk 1:30:58]} d5 {[%clk 1:30:55]} 2. c4 {[%clk 1:31:22]} e6
{[%clk 1:31:20]} 3. Nf3 {[%clk 1:31:42]} Nf6 {[%clk 1:31:36]} 4. Nc3
{[%clk 1:32:07]} c6 {[%clk 1:31:57]} 5. g3 {[%clk 1:32:31]} Nbd7 {[%clk 1:29:35]}
6. Bg2 {[%clk 1:32:54]} Bd6 {[%clk 1:24:33]} 7. O-O {[%clk 1:33:18]} O-O
{[%clk 1:24:23]} 8. Nd2 {[%clk 1:33:40]} dxc4 {[%clk 1:11:13]} 9. Nxc4
{[%clk 1:33:58]} Bc7 {[%clk 1:11:23]} 10. e4 {[%clk 1:33:41]} b5 {[%clk 1:10:35]}
11. Ne3 {[%clk 1:33:52]} b4 {[%clk 1:06:06]} 12. Na4 {[%clk 1:34:07]} Bb7
{[%clk 1:04:11]} 13. Qc2 {[%clk 1:33:12]} e5 {[%clk 0:57:38]} 14. d5
{[%clk 1:33:25]} cxd5 {[%clk 0:56:44]} 15. exd5 {[%clk 1:33:48]} Nb6
{[%clk 0:42:00]} 16. d6 {[%clk 1:33:57]} Bxg2 {[%clk 0:20:28]} 17. dxc7
{[%clk 1:34:25]} Qe8 {[%clk 0:20:00]} 18. Nxb6 {[%clk 1:34:17]} Bxf1
{[%clk 0:17:52]} 19. Nxa8 {[%clk 1:34:38]} Ba6 {[%clk 0:14:30]} 20. c8=Q
{[%clk 1:34:57]} Qxc8 {[%clk 0:14:14]} 21. Nc7 {[%clk 1:35:22]} Bb7
{[%clk 0:14:26]} 22. Nf5 {[%clk 1:34:48]} Qd7 {[%clk 0:12:54]} 23. f3
{[%clk 1:31:05]} Rc8 {[%clk 0:11:13]} 24. Qd2 {[%clk 1:30:45]} Qxf5 0-1